000
00201nam a2200085 4500
001
1258554
005
20260312191238.0
245
_a
ÇAĞLAYANLAR
_c
AHMET MİTHAT MÜFTÜOĞLU
260
_b
AKVARYUM YAYINLARI
999
_c
1258554
_d
1258554